| 000 | 01265nam0a2200325 4500 | ||
|---|---|---|---|
| 001 | RU\NLR\bibl\577432 | ||
| 005 | 20250610134649.0 | ||
| 010 | _a5-9221-0413-6 | ||
| 021 |
_aRU _b2004-62688 _93086 |
||
| 035 | _a(NLR Aleph) 000569462 | ||
| 090 |
_a1583232 _c1583232 |
||
| 100 | _a20041124d2004 |||y0rusy50 ca | ||
| 101 | 1 |
_arus _ceng |
|
| 102 | _aRU | ||
| 105 | _aa ||||||||| | ||
| 200 | 1 |
_aКвантовый хаос _eВведение _fХ.-Ю. Штокман _gПод ред. В.Я. Демиховского _gПер. с англ. А.И. Малышева |
|
| 210 |
_aМ. _cФизматлит _d2004 |
||
| 215 |
_a373 с. _cил. _d22 |
||
| 300 | _aЗагл. и авт. ориг.: Quantum chaos: An Introduction / Hans-Jürgen Stöckmann | ||
| 320 | _aБиблиогр.: с. 345-367 | ||
| 320 | _aПредм. указ.: с. 368-373 | ||
| 454 | 0 |
_12001#$aQuantum chaos$eAn Introduction _1700#1$aStöckmann$bH. -J.$gHans-Jürgen$4070 _tQuantum chaos _aStöckmann, Hans-Jürgen |
|
| 606 | 0 |
_aКвантовый хаос _91294804 _3RU\NLR\auth\66535669 |
|
| 686 | _aВ317.2 | ||
| 700 | 1 |
_aШтокман _bХ. -Ю. _gХанс-Юрген _4070 |
|
| 801 | 0 |
_aRU _bNLR _c20041124 _gPSBO |
|
| 801 | 1 |
_aRU _bNLR _c20041124 |
|
| 942 | _cBOOK | ||
| 980 | _aNB | ||